|
|
|
|
| LEADER |
00000cas a2200000 a 4500 |
| 001 |
vtls001457625 |
| 003 |
SK-MaSNL |
| 005 |
20260228160841.0 |
| 008 |
030731d19471949xo ar|p 0 0b0ukr |
| 035 |
|
|
|a SNK000412932
|
| 040 |
|
|
|a SNK
|b slo
|c SNK
|e AACR2
|
| 041 |
0 |
|
|a ukr
|
| 044 |
|
|
|a xo
|c SK
|
| 072 |
|
7 |
|a 050
|x Seriálové publikácie. Periodiká
|2 konspekt
|
| 072 |
|
7 |
|a 271/279
|x Kresťanské cirkvi, sekty, denominácie
|2 konspekt
|
| 080 |
|
|
|a 050
|2 2001
|
| 080 |
|
|
|a (059)
|2 2011
|
| 080 |
|
|
|a 272/273
|2 2011
|
| 245 |
0 |
0 |
|a Kalendar blagovestnika
|b na hod ...
|
| 260 |
|
|
|a Prjašev
|b Knigolečatnaja nakladateľskogo družestva
|c 1947-1949
|
| 300 |
|
|
|a 3 zv.
|c 22 cm
|
| 310 |
|
|
|a 1x ročne
|
| 362 |
0 |
|
|a 1947-1949
|
| 500 |
|
|
|a Konfesionálny gréckokatolícky kalendár časopisu: Blahovistnyk
|
| 500 |
|
|
|a Súčasťou názvu je konkrétny rok
|
| 650 |
0 |
7 |
|a gréckokatolíci
|2 SNKPH
|9 86906
|
| 655 |
|
7 |
|a kalendáre
|2 SNKPH
|9 70450
|
| 752 |
|
|
|a Slovensko
|d Prešov
|
| 910 |
|
|
|a snk
|
| 916 |
|
|
|a 1947-1949
|
| 999 |
|
|
|c 3771
|d 5701
|
| 952 |
|
|
|0 0
|1 0
|4 0
|7 0
|8 5
|a SNK
|b SNK
|d 2007-06-06
|f 1
|i snkF 3780/88
|l 0
|o snkČSD 110/1948
|p 17A0553037
|r 2026-02-21 20:15:58
|w 2026-02-21
|y PREZ
|
| 952 |
|
|
|0 0
|1 0
|3 r
|4 0
|7 0
|a SNK
|b SNK
|d 2007-06-06
|f 1
|i snk 301/47
|l 0
|o snkČSD 110/1947
|p 17A0553038
|r 2026-02-21 20:20:28
|w 2026-02-21
|y PREZ
|
| 952 |
|
|
|0 0
|1 0
|4 0
|7 0
|a SNK
|b SNK
|d 2003-07-31
|f 1
|i snk 4624/48
|l 0
|o snkČSD 110/1949
|p 17A0390713
|r 2005-01-02 00:00:00
|w 2026-02-21
|y PREZ
|
| 952 |
|
|
|0 0
|1 0
|4 0
|7 0
|8 5
|a SNK
|b SNK
|d 2017-08-30
|i snkF 1447/82
|l 0
|o snkČSD 110/1947 D1
|p 17A1152738
|r 2026-02-21 21:49:05
|w 2026-02-21
|y PREZ
|
| 952 |
|
|
|0 0
|1 0
|4 0
|7 0
|8 5
|a SNK
|b SNK
|d 2017-08-30
|i snkF 1443/93
|l 0
|o snkČSD 110/1948 D1
|p 17A1152739
|r 2026-02-21 21:49:05
|w 2026-02-21
|y PREZ
|